000 00482 a2200169 4500
999 _c131
_d131
008 220928b ||||| |||| 00| 0 eng d
020 _a9788122436006
041 0 _aeng
082 0 0 _a621.3
_bS61735
100 _aSingh, Vijay
245 _aFundamentals of electrical electronic measurements /
_cby Vijay Singh
250 _a1st ed.
260 _aNew Delhi:
_bNew Age International Publishers
_c2014.
300 _axvi, 341 p.
650 0 _aElectrical Engineering
942 _2ddc
_cBK